000 01772cam a2200373 a 4500
999 _c331892
_d331892
001 1766131
003 NUST
005 20180117090032.0
008 760506s1974 enk b 001 0 eng
010 _a 76361029
015 _aGB75-23454
020 _a0723603715 :
_c£2.75
040 _aDLC
_cDLC
_dDLC
050 0 0 _aRC454
_b.F57 1974
082 0 0 _a616.8/907
100 1 _aEdited by Max Hamilton
_q(Frank James)
_95797
240 1 0 _aClinical psychopathology
245 1 0 _aFish's Clinical psychopathology :
_bsigns and symptoms in psychiatry.
250 _a2nd ed.
_bedited by Max Hamilton.
260 _aBristol :
_bJ. Wright,
_c1985.
300 _a[xi], 141 p. ;
_c23 cm.
500 _aIncludes index.
504 _aBibliography: p. 109-114.
650 0 _aPsychology, Pathological.
_93179
700 1 _aHamilton, Max,
_cM.D.
_95798
740 0 _aClinical psychopathology.
906 _a7
_bcbc
_corignew
_d3
_encip
_f19
_gy-gencatlg
942 _2ddc
_cBK